000 00573nam a2200205Ia 4500
005 20250923145913.0
008 008 250917s9999 xx 000 0 eng d
037 _aTextual
040 _aDSWL
_beng
_cDSWL
041 _aeng
_2eng
084 _aY72:1:7x2, N74
_qDSWL
100 _aSharma, S.
_9840136
245 0 _aTribal identity and the modern world
_c by S. Sharma
260 _aNew Delhi
_bSage Publication
_c1994
300 _a215p.
365 _aINR
_b225.00
925 _g225.00
942 _cTEXL
_hY72:1:7x2, N74
999 _c1457161
_d1457161